|
000
|
00952nam0 22002411 450
|
|
001
|
0131101653
|
|
005
|
20170531101653.0
|
|
010
|
|
@a978-7-109-22049-2@dCNY50.00
|
|
100
|
|
@a20161202d2016 em y0chiy0121 ea
|
|
101
|
0
|
@achi
|
|
102
|
|
@aCN@b110000
|
|
105
|
|
@aak z 000yy
|
|
106
|
|
@ar
|
|
200
|
1
|
@a中国农村经济分析和政策研究@Azhong guo nong cun jing ji fen xi he zheng ce yan jiu@e2013-2016@f宋洪远著
|
|
210
|
|
@a北京@c中国农业出版社@d2016.09
|
|
215
|
|
@a352页@c图@d24cm
|
|
330
|
|
@a本书收录了2013年至2016年5月期间的关于中国农村经济和政策问题的分析报告30余篇。这些报告的内容涉及农垦管理体制改革、乡村债务、城乡关系调整、农村城镇化、土地制度问题、生态建设补偿机制、农村公共品供给、农村人才队伍建设等方面。
|
|
606
|
0
|
@a农村经济@Anong cun jing ji@x研究@y中国@z2013-2016
|
|
690
|
|
@aF32@v5
|
|
692
|
|
@aF32@v5
|
|
701
|
0
|
@a宋洪远@Asong hong yuan@4著
|
|
801
|
0
|
@aCN@b人天书店@c20161202
|
|
905
|
|
@aCKNYKJZYXY@b300526261-2@dF32@e163@f2
|
|
|
|
|
| |
| 中国农村经济分析和政策研究:2013-2016/宋洪远著.-北京:中国农业出版社,2016.09 |
| 352页:图;24cm |
| |
| |
| ISBN 978-7-109-22049-2:CNY50.00 |
| 本书收录了2013年至2016年5月期间的关于中国农村经济和政策问题的分析报告30余篇。这些报告的内容涉及农垦管理体制改革、乡村债务、城乡关系调整、农村城镇化、土地制度问题、生态建设补偿机制、农村公共品供给、农村人才队伍建设等方面。 |
| ● |
正题名:中国农村经济分析和政策研究
索取号:F32/163
 
预约/预借
| 序号
|
登录号
|
条形码
|
馆藏地/架位号
|
状态
|
备注
|
|
1
|
526261
|
300526261
|
柳城-5楼/11架1列3层/
[索取号:F32/163]
|
在馆
|
|
|
2
|
526262
|
300526262
|
柳城-5楼/11架1列3层/
[索取号:F32/163]
|
在馆
|
|